Joueurs qui ont gagnés un ballon d'or - Statistiques

Statistiques générales
  • Ce quiz a été pris 112 fois
  • Le résultat moyen est 6 sur 11
Answers on the Grid
Answers color-coded by a green-red scale on the quiz's grid according to % correct below.
Cristiano Ronaldo
Mohamed Salah
Samuel Etoo
Sadio Mane
Vitinha
Ousmane Dembélé
Robert Lewandowski
Rivaldo
Kylian Mbappé
Antoine Griezmann
Virgil Van Dijk
Roberto Baggio
Eric Cantona
Maradona
Pele
Neymar Jr
Lionel Messi
Sacha Ménérat
Kaka
Del Pierro
Gianluigi Buffon
Luis Suarez
Michel Platini
Arjen Roben
Franck Ribery
Ruud Gullit
Allan Simonsen
Timothy Weah
David Beckham
Thierry Henry
 
Statistiques - réponses
Réponse % Correct
Cristiano Ronaldo
100%
Ousmane Dembélé
79%
Kaka
60%
Lionel Messi
58%
Rivaldo
54%
Michel Platini
52%
Roberto Baggio
52%
Ruud Gullit
46%
Allan Simonsen
27%
Luis Suarez
25%
Samuel Etoo
10%
Aucun quiz correspondant
Distribution des résultats
% des personnes avec chaque résultat
Percentile par nombre de réponses
Votre historique - résultats
Vous n’avez pas pris ce quiz